Má nejkrásnější vánoční kniha Ke čtení a hraní

Bibliographic Details
Main Authors: Nerling, Eva Maria von (Author), Hille, Olaf (Author)
Other Authors: Vafková, Gerta (Translator), Rumplerová, Eva (Translator)
Format: Book
Language:Czech
German
PhysicalDescription:125 s. Noty, sch. 29 cm
Published: Bratislava Junior 1995
ISBN:8071463450
Edition:Čes. vyd.
Subjects:

MARC

LEADER 00000cam a2200000 a 4500
001 vtls001079274
003 SK-MaSNL
005 20260301193633.0
008 240313s1995 xo ag br 000 m cze
015 |a SNBA1996/0100300 
020 |a 8071463450 
035 |a SNK000022111 
035 |a urn:nbn:sk:snk-amlo8z 
035 |a urn:nbn:sk:snk-am00bsbn 
035 |a D3E0D791-B0F9-41F6-ADDB-E57EB2DC46BB 
040 |a SNK  |b slo  |c SNK  |e AACR2 
041 1 |a cze  |h ger 
044 |a xo  |c SK 
080 |a 830-1(087.5)=850  |2 1981 
080 |a 830-3(087.5)=850  |2 1981 
100 1 |a Nerling, Eva Maria von  |4 aut  |9 45982 
245 1 0 |a Má nejkrásnější vánoční kniha  |b Ke čtení a hraní  |c text: Eva Maria v. Nerling, Olaf Hille ; preložii Gerta Vafková, Eva Rumplerová 
250 |a Čes. vyd. 
260 |a Bratislava  |b Junior  |c 1995 
300 |a 125 s.  |b Noty, sch.  |c 29 cm 
500 |a Ilustrácie na frontispice a predsádkach 
655 7 |a nemecká poézia  |2 SNKPH  |9 70490 
655 7 |a poézia pre deti  |2 SNKPH  |9 86748 
655 7 |a nemecké rozprávky  |2 SNKPH  |9 70666 
655 7 |a autorské rozprávky  |2 SNKPH  |9 70727 
700 1 |a Hille, Olaf  |4 aut  |9 44237 
700 1 |a Vafková, Gerta  |4 trl  |9 47503 
700 1 |a Rumplerová, Eva  |4 trl  |9 46615 
852 |a Slovenská národná knižnica 
919 |a 80-7146-345-0 
958 |a TL 
958 |a UP 
958 |a DE 
958 |a LX 
958 |a NS 
958 |a CZ 
968 |a Čes  |b DT 
999 |c 878324  |d 880254 
952 |t P60, <09>, [BOOK], {629}  |a SNK  |b SNK  |y NEVYP  |7 0  |o snkB 1177  |i snk3846/951109  |0 0  |1 0  |4 0  |d 1995-11-08  |l 0  |r 2004-12-31 00:00:00  |w 2026-02-24 
952 |t P60, <03>, [BOOK], {603}  |a SNK  |b SNK  |y PREZ  |7 0  |p 17A0968144  |o snkSB 54658  |i snkKSP 9340/95  |0 0  |1 0  |4 0  |d 1995-11-08  |f 1  |l 0  |r 2025-03-26 00:00:00  |w 2026-02-24 
952 |t P60, <05>, [BOOK], {605}  |a SNK  |b SNK  |y PREZ  |7 0  |p 17A0077036  |o snkSB 54658 D1  |i snkKSP 9341/95  |0 0  |1 0  |4 0  |d 1995-11-08  |l 0  |r 2004-12-31 00:00:00  |w 2026-02-24